[Event "HUN-chT 0506"]
[Site "Hungary"]
[Date "2006.03.19"]
[Round "9"]
[White "Grabics, Monika"]
[Black "Pataki, Gyozo"]
[Result "0-1"]
[WhiteElo "2306"]
[BlackElo "2375"]
[PlyCount "56"]
[EventDate "2005.10.16"]
[EventType "team"]
[EventRounds "11"]
[EventCountry "HUN"]
[SourceTitle "EXT 2007"]
[Source "ChessBase"]
[SourceDate "2006.11.23"]
[SourceVersion "1"]
[SourceVersionDate "2006.11.23"]
[SourceQuality "1"]

1. e4 c5 2. Nf3 Nc6 3. d4 cxd4 4. Nxd4 Nf6 5. Nc3 d6 6. Bg5 e6 7. Qd3 Be7 8. 0-0-0 Nxd4 9. Qxd4 0-0 10. f4 Qa5 11. Bc4 Bd7 12. Bxf6 Bxf6 13. e5 Be7 14. Rd3 d5 15. Rh3 dxc4 16. Qxd7 Bb4 17. Kb1 Rfd8 18. Qxb7 Rab8 19. Qf3 Ba3 20. b3 Rd3 21. cxd3 Qxc3 22. Qe2 cxb3 23. d4 bxa2+ 24. Kxa2 Rb2+ 25. Ka1 Rxe2+ 26. Rxc3 Bb2+ 27. Kb1 Bxc3 28. Rc1 Rb2+ 0-1

[Event "HUN-chT 0506"]
[Site "Hungary"]
[Date "2006.01.22"]
[Round "6"]
[White "Grabics, Monika"]
[Black "Ballai, Zsolt"]
[Result "1/2-1/2"]
[WhiteElo "2306"]
[BlackElo "2306"]
[PlyCount "71"]
[EventDate "2005.10.16"]
[EventType "team"]
[EventRounds "11"]
[EventCountry "HUN"]
[SourceTitle "EXT 2007"]
[Source "ChessBase"]
[SourceDate "2006.11.23"]
[SourceVersion "1"]
[SourceVersionDate "2006.11.23"]
[SourceQuality "1"]

1. e4 c5 2. Nf3 d6 3. d4 cxd4 4. Nxd4 Nf6 5. Nc3 a6 6. Be3 e5 7. Nb3 Be6 8. f3 Nbd7 9. g4 Be7 10. g5 Nh5 11. Qd2 Rc8 12. 0-0-0 Qc7 13. Kb1 b5 14. Qf2 Nf4 15. h4 b4 16. Nd5 Nxd5 17. exd5 Bf5 18. Rh2 Ra8 19. f4 Bg4 20. Rc1 a5 21. Bb5 a4 22. Bb6 Qb8 23. Na5 0-0 24. Nc6 Qxb6 25. Nxe7+ Kh8 26. Bxd7 Qxf2 27. Rxf2 Bxd7 28. fxe5 dxe5 29. Re1 f6 30. gxf6 gxf6 31. Re4 Rab8 32. d6 Rb6 33. Rd2 Be6 34. b3 axb3 35. axb3 Rd8 36. h5 1/2-1/2

[Event "HUN-chT 0506"]
[Site "Hungary"]
[Date "2005.10.30"]
[Round "2"]
[White "Grabics, Monika"]
[Black "Racz, Zoltan"]
[Result "1-0"]
[WhiteElo "2306"]
[BlackElo "2329"]
[PlyCount "95"]
[EventDate "2005.10.16"]
[EventType "team"]
[EventRounds "11"]
[EventCountry "HUN"]
[SourceTitle "EXT 2007"]
[Source "ChessBase"]
[SourceDate "2006.11.23"]
[SourceVersion "1"]
[SourceVersionDate "2006.11.23"]
[SourceQuality "1"]

1. e4 d6 2. d4 Nf6 3. Nc3 g6 4. Be3 c6 5. f3 b5 6. Qd2 Nbd7 7. g4 Nb6 8. g5 Nfd7 9. b3 a6 10. Nge2 Bb7 11. a4 b4 12. Na2 a5 13. c3 bxc3 14. Naxc3 Bg7 15. h4 c5 16. h5 Rg8 17. Ng3 cxd4 18. Bxd4 Bxd4 19. Qxd4 Nc5 20. hxg6 hxg6 21. Bb5+ Kf8 22. Ra2 Nxb3 23. Qd1 Nc5 24. Rah2 d5 25. Qd4 Ne6 26. Qh8 f6 27. gxf6 exf6 28. e5 Rxh8 29. Rxh8+ Kf7 30. R1h7+ Ng7 31. e6+ Kxe6 32. Rxd8 Rxd8 33. Rxg7 Nd7 34. Bxd7+ Rxd7 35. Rxg6 Bc6 36. Nh5 Rf7 37. Kd2 d4 38. Nb5 Bxb5 39. axb5 a4 40. Kd3 a3 41. Kxd4 a2 42. Rg1 Rc7 43. Ra1 Rc2 44. b6 Rc6 45. Nf4+ Kd6 46. Nd5 Rc5 47. b7 Rb5 48. Rxa2 1-0

[Event "HUN-chT 0506"]
[Site "Hungary"]
[Date "2005.10.16"]
[Round "1"]
[White "Grabics, Monika"]
[Black "Zakarias, David"]
[Result "1-0"]
[WhiteElo "2306"]
[BlackElo "2271"]
[PlyCount "59"]
[EventDate "2005.10.16"]
[EventType "team"]
[EventRounds "11"]
[EventCountry "HUN"]
[SourceTitle "EXT 2007"]
[Source "ChessBase"]
[SourceDate "2006.11.23"]
[SourceVersion "1"]
[SourceVersionDate "2006.11.23"]
[SourceQuality "1"]

1. e4 c6 2. d4 d5 3. f3 dxe4 4. fxe4 e5 5. Nf3 Be6 6. c3 Nf6 7. Bd3 Nbd7 8. 0-0 Bd6 9. Bg5 Qb6 10. Kh1 Qxb2 11. Bxf6 Nxf6 12. Nbd2 Qxc3 13. Qb1 Rb8 14. Rc1 Qa5 15. Bc4 Nd7 16. Bxe6 fxe6 17. Qb3 Ke7 18. Ng5 Nf8 19. Nc4 Qc7 20. Rf1 Ke8 21. Nf7 Be7 22. Nxh8 exd4 23. Qf3 b5 24. Qf7+ Kd7 25. Nd2 g6 26. Nb3 Qe5 27. Nxd4 c5 28. Qxe7+ Kxe7 29. Nc6+ Kd6 30. Nf7+ 1-0

[Event "HUN-chT2 Maroczy 0405"]
[Site "Hungary"]
[Date "2004.10.10"]
[Round "2"]
[White "Szakolczai, Peter"]
[Black "Grabics, Monika"]
[Result "0-1"]
[WhiteElo "2199"]
[BlackElo "2305"]
[PlyCount "64"]
[EventDate "2004.09.26"]
[EventType "team"]
[EventRounds "11"]
[EventCountry "HUN"]
[SourceTitle "EXT 2008"]
[Source "ChessBase"]
[SourceDate "2007.11.25"]
[SourceVersion "1"]
[SourceVersionDate "2007.11.25"]
[SourceQuality "1"]
[WhiteTeam "Edeleny"]
[BlackTeam "Lang"]
[WhiteTeamCountry "HUN"]
[BlackTeamCountry "HUN"]

1. e4 c5 2. Nf3 Nc6 3. d4 cxd4 4. Nxd4 Qb6 5. Nb3 Nf6 6. Bd3 e6 7. Be3 Qc7 8. Nc3 a6 9. f4 d6 10. Qf3 b5 11. 0-0 Bb7 12. f5 Ne5 13. Qh3 exf5 14. Qxf5 Be7 15. Bd4 0-0 16. Rae1 Bc8 17. Qf4 Ng6 18. Qf3 Bg4 19. Qe3 Be6 20. Bb6 Qb8 21. Bd4 Ng4 22. Qe2 N4e5 23. Nd5 Bh4 24. g3 Bg4 25. Qg2 Bd8 26. h3 Be6 27. Kh2 Nxd3 28. cxd3 Bxd5 29. exd5 Bb6 30. Qf2 Bxd4 31. Nxd4 Qb6 32. Qf4 Nxf4 0-1

[Event "CRO-chT (Women)"]
[Site "Rabac"]
[Date "2004.09.08"]
[Round "4"]
[White "Medic, Mirjana"]
[Black "Grabics, Monika"]
[Result "1/2-1/2"]
[WhiteElo "2222"]
[BlackElo "2305"]
[PlyCount "25"]
[EventDate "2004.09.05"]
[EventType "team-swiss"]
[EventRounds "9"]
[EventCountry "CRO"]
[SourceTitle "CBM 102 Extra"]
[Source "ChessBase"]
[SourceDate "2004.11.03"]
[SourceVersion "1"]
[SourceVersionDate "2004.11.03"]
[SourceQuality "1"]

1. d4 g6 2. c4 Bg7 3. Nc3 d6 4. Nf3 e5 5. dxe5 dxe5 6. Qxd8+ Kxd8 7. Bg5+ f6 8. 0-0-0+ Nd7 9. Be3 Bh6 10. Nd5 Bxe3+ 11. Nxe3 c5 12. g3 Kc7 13. Bg2 1/2-1/2

[Event "Krk (Women)"]
[Site "Krk"]
[Date "2004.08.31"]
[Round "6"]
[White "Grabics, Monika"]
[Black "Sargac, Rajna"]
[Result "1-0"]
[WhiteElo "2305"]
[BlackElo "2211"]
[PlyCount "66"]
[EventDate "2004.08.26"]
[EventType "tourn"]
[EventRounds "9"]
[EventCountry "CRO"]
[EventCategory "1"]
[SourceTitle "CBM 102 Extra"]
[Source "ChessBase"]
[SourceDate "2004.11.03"]
[SourceVersion "1"]
[SourceVersionDate "2004.11.03"]
[SourceQuality "1"]

1. e4 c5 2. Nf3 Nc6 3. d4 cxd4 4. Nxd4 Nf6 5. Nc3 e5 6. Ndb5 d6 7. Bg5 a6 8. Na3 d5 9. Nxd5 Bxa3 10. bxa3 Qa5+ 11. Qd2 Qxd2+ 12. Bxd2 Nxd5 13. exd5 Nd4 14. 0-0-0 Bf5 15. c3 Rc8 16. Kb2 Nb5 17. Bxb5+ axb5 18. Rhe1 f6 19. f4 e4 20. Be3 Kd7 21. Bb6 Rc4 22. Ba5 h5 23. Rd2 g6 24. Bb4 h4 25. Kb3 Rcc8 26. a4 bxa4+ 27. Kxa4 Rhe8 28. Re3 Ra8+ 29. Kb3 b5 30. Rd1 Ra6 31. Rg1 Rea8 32. g4 hxg3 33. hxg3 Re8 1-0

[Event "Krk (Women)"]
[Site "Krk"]
[Date "2004.08.30"]
[Round "5"]
[White "Repkova, Eva"]
[Black "Grabics, Monika"]
[Result "0-1"]
[WhiteElo "2411"]
[BlackElo "2305"]
[PlyCount "64"]
[EventDate "2004.08.26"]
[EventType "tourn"]
[EventRounds "9"]
[EventCountry "CRO"]
[EventCategory "1"]
[SourceTitle "CBM 102 Extra"]
[Source "ChessBase"]
[SourceDate "2004.11.03"]
[SourceVersion "1"]
[SourceVersionDate "2004.11.03"]
[SourceQuality "1"]

1. e4 c5 2. Nf3 Nc6 3. d4 cxd4 4. Nxd4 Qb6 5. Nb5 a6 6. Be3 Qd8 7. N5c3 e6 8. f4 d6 9. Nd2 Nf6 10. Qf3 Be7 11. Bd3 b5 12. 0-0 Bb7 13. Rae1 Qc7 14. Qg3 h5 15. h3 h4 16. Qf2 Nb4 17. Nf3 d5 18. e5 Nh5 19. Nxh4 Ng3 20. Ng6 Nxf1 21. Bb6 Nxd3 22. cxd3 Qc6 23. Nxh8 d4 24. Bxd4 Bh4 25. Qxf1 Bxe1 26. Ne4 Bb4 27. Qf2 Qc1+ 28. Kh2 Bxe4 29. dxe4 Qd2 30. f5 Qxf2 31. Bxf2 exf5 32. exf5 Rc8 0-1

[Event "Krk (Women)"]
[Site "Krk"]
[Date "2004.08.27"]
[Round "2"]
[White "Grabics, Monika"]
[Black "Schmidt, Jessica"]
[Result "1/2-1/2"]
[WhiteElo "2305"]
[BlackElo "2247"]
[PlyCount "47"]
[EventDate "2004.08.26"]
[EventType "tourn"]
[EventRounds "9"]
[EventCountry "CRO"]
[EventCategory "1"]
[SourceTitle "CBM 102 Extra"]
[Source "ChessBase"]
[SourceDate "2004.11.03"]
[SourceVersion "1"]
[SourceVersionDate "2004.11.03"]
[SourceQuality "1"]

1. e4 c5 2. Nf3 e6 3. d4 cxd4 4. Nxd4 Nc6 5. Nc3 a6 6. f4 Qc7 7. Nxc6 bxc6 8. e5 d5 9. exd6 Bxd6 10. Ne4 Be7 11. Bd3 Nf6 12. Qe2 0-0 13. 0-0 Bb7 14. b3 c5 15. Rb1 Nxe4 16. Bxe4 Bxe4 17. Qxe4 Bf6 18. c4 Rad8 19. Be3 Bd4 20. Rbd1 Bxe3+ 21. Qxe3 Qa5 22. a4 g6 23. h3 Qb6 24. Kh2 1/2-1/2

[Event "Mediterranean Flower (Women)"]
[Site "Rijeka"]
[Date "2004.03.09"]
[Round "4"]
[White "Grabics, Monika"]
[Black "Macek, Vlasta"]
[Result "1-0"]
[WhiteElo "2295"]
[BlackElo "2209"]
[PlyCount "41"]
[EventDate "2004.03.06"]
[EventType "tourn"]
[EventRounds "9"]
[EventCountry "CRO"]
[SourceTitle "CBM 099 Extra"]
[Source "ChessBase"]
[SourceDate "2004.05.04"]
[SourceVersion "1"]
[SourceVersionDate "2004.05.04"]
[SourceQuality "1"]

1. e4 e6 2. d4 d5 3. Nc3 Bb4 4. e5 c5 5. Bd2 Ne7 6. a3 Bxc3 7. Bxc3 cxd4 8. Qxd4 Nbc6 9. Qg4 0-0 10. 0-0-0 Ng6 11. Nf3 h6 12. Bd3 Qe8 13. h4 Bd7 14. h5 Nge7 15. Qh4 Kh8 16. g4 Qd8 17. g5 Ng8 18. Bd2 hxg5 19. Bxg5 f6 20. h6 g6 21. h7 1-0

[Event "Mediterranean Flower (Women)"]
[Site "Rijeka"]
[Date "2004.03.08"]
[Round "3"]
[White "Grobelsek, Ana"]
[Black "Grabics, Monika"]
[Result "0-1"]
[WhiteElo "2122"]
[BlackElo "2295"]
[PlyCount "122"]
[EventDate "2004.03.06"]
[EventType "tourn"]
[EventRounds "9"]
[EventCountry "CRO"]
[SourceTitle "CBM 099 Extra"]
[Source "ChessBase"]
[SourceDate "2004.05.04"]
[SourceVersion "1"]
[SourceVersionDate "2004.05.04"]
[SourceQuality "1"]

1. e4 c5 2. Nf3 e6 3. d3 d5 4. Nbd2 Nc6 5. g3 Bd6 6. Bg2 Nge7 7. 0-0 0-0 8. Nh4 d4 9. f4 Bc7 10. e5 Nf5 11. Nxf5 exf5 12. Nc4 Be6 13. b3 Bd5 14. Bxd5 Qxd5 15. Ba3 b5 16. Nd2 a5 17. Qf3 Qxf3 18. Nxf3 b4 19. Bc1 a4 20. Bd2 Ra7 21. Rfe1 Rfa8 22. bxa4 Rxa4 23. e6 f6 24. e7 Kf7 25. e8Q+ Rxe8 26. Rxe8 Kxe8 27. Kf2 Kd7 28. Ke2 Ne7 29. h4 h5 30. Kd1 Nd5 31. Ke2 Ba5 32. Kd1 Kd6 33. Ke1 Nc3 34. Bxc3 bxc3 35. Kd1 Bb4 36. Rb1 Kd5 37. Ne1 Rxa2 38. Ke2 Ra7 39. Kf2 Re7 40. Ra1 Ke6 41. Ra8 Kf7 42. Ra6 Re6 43. Ra7+ Kg6 44. Ra4 Rb6 45. Nf3 Rb5 46. Ra6 Kh7 47. Ke2 Ra5 48. Rxa5 Bxa5 49. Kd1 Bd8 50. Kc1 g5 51. Ng1 Kg6 52. Kb1 Bc7 53. Ne2 gxh4 54. gxh4 Kf7 55. Ka2 Ke6 56. Kb3 Kd5 57. Ng3 Bxf4 58. Nxh5 Be5 59. Ng7 f4 60. h5 f3 61. h6 f2 0-1

[Event "Mediterranean Flower (Women)"]
[Site "Rijeka"]
[Date "2004.03.07"]
[Round "2"]
[White "Grabics, Monika"]
[Black "Franciskovic, Borka"]
[Result "1/2-1/2"]
[WhiteElo "2295"]
[BlackElo "2056"]
[PlyCount "87"]
[EventDate "2004.03.06"]
[EventType "tourn"]
[EventRounds "9"]
[EventCountry "CRO"]
[SourceTitle "CBM 099 Extra"]
[Source "ChessBase"]
[SourceDate "2004.05.04"]
[SourceVersion "1"]
[SourceVersionDate "2004.05.04"]
[SourceQuality "1"]

1. e4 c6 2. d4 d5 3. exd5 cxd5 4. c4 Nf6 5. Nc3 e6 6. Nf3 Bb4 7. cxd5 Nxd5 8. Bd2 Nc6 9. Bd3 Be7 10. a3 0-0 11. 0-0 Nf6 12. Be3 Bd7 13. Bc2 Qc7 14. Qd3 g6 15. Bg5 Rfd8 16. Rfe1 Be8 17. Rad1 Rac8 18. Qe2 Nd5 19. Nxd5 Rxd5 20. Bxe7 Nxe7 21. Bb3 Rd6 22. Ng5 Nd5 23. Ne4 Rb6 24. Qf3 Qd8 25. Rd2 a5 26. h3 Bb5 27. a4 Bc4 28. Bd1 Nb4 29. Nf6+ Kg7 30. Ng4 Qg5 31. Ne3 Bd5 32. Nxd5 Qxd5 33. Qf4 Nc6 34. Bf3 Qc4 35. Bxc6 Qxc6 36. Qe5+ Kg8 37. Qxa5 Ra6 38. Qg5 Rxa4 39. d5 exd5 40. Rxd5 Ra6 41. Red1 Qf6 42. Qxf6 Rxf6 43. Rd8+ Rxd8 44. Rxd8+ 1/2-1/2

[Event "HUN-chT 0304"]
[Site "Hungary"]
[Date "2004.02.08"]
[Round "7"]
[White "Grabics, Monika"]
[Black "Sipos, Istvan"]
[Result "0-1"]
[WhiteElo "2316"]
[BlackElo "2248"]
[PlyCount "82"]
[EventDate "2003.09.28"]
[EventType "team"]
[EventRounds "11"]
[EventCountry "HUN"]
[SourceTitle "EXT 2006"]
[Source "ChessBase"]
[SourceDate "2005.11.24"]
[SourceVersion "1"]
[SourceVersionDate "2005.11.24"]
[SourceQuality "1"]

1. e4 e5 2. Nf3 Nc6 3. Bc4 Nf6 4. d3 Bc5 5. c3 d6 6. Qe2 0-0 7. Bg5 Be6 8. Nbd2 a5 9. Nf1 Qe7 10. 0-0-0 Bxc4 11. dxc4 Qe6 12. Bxf6 Qxf6 13. g4 Qf4+ 14. Rd2 Ne7 15. Rg1 g6 16. h4 Kh8 17. Ng5 Ng8 18. Rg3 Qf6 19. Nh2 h6 20. Nh3 Qe6 21. g5 h5 22. f4 b5 23. Rd5 Ne7 24. f5 Qd7 25. Rd1 b4 26. cxb4 axb4 27. b3 Nc6 28. Rd2 Nd4 29. Qd1 Ra3 30. Kb1 Qc6 31. Nf2 Rfa8 32. Rb2 Qa6 33. Qd2 c6 34. Nd3 Rxb3 35. Rxb3 Nxb3 36. Qb2 Nd4 37. Nxc5 dxc5 38. fxg6 fxg6 39. Qf2 Qxc4 40. Qf6+ Kh7 41. Qf2 Ne2 0-1

[Event "CRO-chT"]
[Site "Rabac"]
[Date "2003.09.13"]
[Round "7"]
[White "Jankovic, Alojzije"]
[Black "Grabics, Monika"]
[Result "1-0"]
[WhiteElo "2373"]
[BlackElo "2316"]
[PlyCount "57"]
[EventDate "2003.09.07"]
[EventType "team"]
[EventRounds "9"]
[EventCountry "CRO"]
[SourceTitle "CBM 096 Extra"]
[Source "ChessBase"]
[SourceDate "2003.10.22"]
[SourceVersion "2"]
[SourceVersionDate "2003.10.20"]
[SourceQuality "1"]

1. d4 Nf6 2. Nf3 g6 3. g3 Bg7 4. c4 d6 5. Bg2 0-0 6. 0-0 Nbd7 7. Nc3 e5 8. e4 Re8 9. h3 exd4 10. Nxd4 Ne5 11. b3 Nfd7 12. Be3 Nc5 13. Qc2 a5 14. Rad1 c6 15. f4 Ned7 16. Nde2 Qe7 17. g4 f5 18. gxf5 gxf5 19. Ng3 Nf6 20. Bxc5 dxc5 21. e5 Ne4 22. Ncxe4 fxe4 23. Qxe4 Qh4 24. Kh2 a4 25. Rd2 axb3 26. axb3 Ra3 27. Rf3 Ra1 28. Rfd3 Bh6 29. Rf2 1-0

[Event "Balatonlelle IM"]
[Site "Balatonlelle"]
[Date "2003.06.27"]
[Round "7"]
[White "Wittmann, Walter"]
[Black "Grabics, Monika"]
[Result "1/2-1/2"]
[WhiteElo "2345"]
[BlackElo "2340"]
[PlyCount "81"]
[EventDate "2003.06.21"]
[EventType "tourn"]
[EventRounds "9"]
[EventCountry "HUN"]
[EventCategory "4"]
[SourceTitle "EXT 2004"]
[Source "ChessBase"]
[SourceDate "2003.11.25"]
[SourceVersion "1"]
[SourceVersionDate "2003.11.25"]
[SourceQuality "1"]

1. e4 c5 2. Nf3 Nc6 3. d4 cxd4 4. Nxd4 Qb6 5. Nb3 Nf6 6. Nc3 e6 7. Bd3 a6 8. 0-0 Be7 9. Be3 Qc7 10. f4 d6 11. Qf3 0-0 12. Rae1 Nb4 13. Qg3 Nxd3 14. cxd3 b5 15. f5 Kh8 16. Rc1 Qd7 17. fxe6 fxe6 18. Nd4 b4 19. Nce2 a5 20. Nf4 e5 21. Nf5 Rf7 22. Nh3 Nh5 23. Qe1 Ba6 24. Qd1 g6 25. Qb3 Raf8 26. Nxe7 Rxf1+ 27. Rxf1 Rxf1+ 28. Kxf1 Qxe7 29. Qd5 Kg7 30. Ke2 Qc7 31. Kd2 h6 32. Nf2 Nf6 33. Qa8 Bc8 34. Qa7 Qxa7 35. Bxa7 a4 36. Bb6 Be6 37. Ba5 Bxa2 38. Bxb4 Ne8 39. Nd1 Kf6 40. Nc3 Bb3 41. Nb5 1/2-1/2

[Event "Balatonlelle IM"]
[Site "Balatonlelle"]
[Date "2003.06.25"]
[Round "5"]
[White "Titz, Heimo"]
[Black "Grabics, Monika"]
[Result "1/2-1/2"]
[WhiteElo "2326"]
[BlackElo "2340"]
[PlyCount "128"]
[EventDate "2003.06.21"]
[EventType "tourn"]
[EventRounds "9"]
[EventCountry "HUN"]
[EventCategory "4"]
[SourceTitle "EXT 2004"]
[Source "ChessBase"]
[SourceDate "2003.11.25"]
[SourceVersion "1"]
[SourceVersionDate "2003.11.25"]
[SourceQuality "1"]

1. c4 c5 2. Nf3 Nc6 3. Nc3 e5 4. g3 g6 5. Bg2 Bg7 6. 0-0 Nge7 7. d3 d6 8. a3 0-0 9. Rb1 f5 10. Bd2 h6 11. b4 g5 12. b5 Nd4 13. Nxd4 cxd4 14. Nd5 Be6 15. Nxe7+ Qxe7 16. e3 dxe3 17. fxe3 Kh8 18. Rc1 Qd7 19. Qb3 Rad8 20. Qa4 b6 21. Kh1 d5 22. c5 bxc5 23. Rxc5 Rc8 24. Rc6 d4 25. exd4 Bd5 26. Rxc8 Rxc8 27. dxe5 Bxg2+ 28. Kxg2 Qxd3 29. Be1 Bxe5 30. Bf2 Qd5+ 31. Kg1 Rd8 32. Qa6 Bg7 33. a4 f4 34. Qc6 fxg3 35. hxg3 Qd3 36. Re1 Rf8 37. Qe4 Qd2 38. Re2 Qd1+ 39. Kg2 h5 40. a5 h4 41. gxh4 Rf4 42. Qe8+ Rf8 43. Qh5+ Kg8 44. b6 axb6 45. axb6 gxh4 46. Qg4 Qd5+ 47. Kg1 Qd1+ 48. Kg2 Qd5+ 49. Kh2 Qd6+ 50. Kh3 Qd3+ 51. Kxh4 Qh7+ 52. Kg3 Qd3+ 53. Kg2 Qd5+ 54. Qe4 Qg5+ 55. Bg3 Qc1 56. Qd5+ Kh8 57. Bf2 Rg8 58. Bg3 Rf8 59. Kh2 Qh6+ 60. Kg1 Qxb6+ 61. Kg2 Qb1 62. Re4 Qf1+ 63. Kh2 Rf2+ 64. Bxf2 Qxf2+ 1/2-1/2

[Event "Balatonlelle IM"]
[Site "Balatonlelle"]
[Date "2003.06.23"]
[Round "3"]
[White "Grabics, Monika"]
[Black "Grafl, Florian"]
[Result "0-1"]
[WhiteElo "2340"]
[BlackElo "2317"]
[PlyCount "92"]
[EventDate "2003.06.21"]
[EventType "tourn"]
[EventRounds "9"]
[EventCountry "HUN"]
[EventCategory "4"]
[SourceTitle "EXT 2004"]
[Source "ChessBase"]
[SourceDate "2003.11.25"]
[SourceVersion "1"]
[SourceVersionDate "2003.11.25"]
[SourceQuality "1"]

1. e4 c5 2. Nf3 d6 3. d4 cxd4 4. Nxd4 Nf6 5. Nc3 g6 6. Bc4 Bg7 7. h3 0-0 8. Bb3 b6 9. 0-0 Bb7 10. Re1 Nbd7 11. Bg5 Nc5 12. Bd5 e6 13. Bxb7 Nxb7 14. f4 Qc8 15. Kh1 a6 16. Qf3 Na5 17. Rad1 Ra7 18. Nde2 b5 19. Qf2 Rc7 20. Qh4 Ne8 21. Bd8 g5 22. Bxg5 f6 23. Bh6 b4 24. Bxg7 Rxg7 25. Nb1 Qxc2 26. f5 e5 27. Rd2 Qc4 28. b3 Qb5 29. Qf2 Nb7 30. Rd5 Nc5 31. Qe3 Qc6 32. Red1 Nc7 33. Rxd6 Qxe4 34. Qf2 Nb5 35. Ng3 Qh4 36. Rd8 Nd4 37. Rxf8+ Kxf8 38. Kh2 Ne4 39. Nxe4 Qxe4 40. Re1 Rxg2+ 41. Qxg2 Nf3+ 42. Kg3 Qf4+ 43. Kf2 Nh4+ 44. Kg1 Nxg2 45. Kxg2 Qxf5 46. Nd2 Qg5+ 0-1

[Event "Balatonlelle IM"]
[Site "Balatonlelle"]
[Date "2003.06.22"]
[Round "2"]
[White "Kiss, Pal"]
[Black "Grabics, Monika"]
[Result "1/2-1/2"]
[WhiteElo "2401"]
[BlackElo "2340"]
[PlyCount "102"]
[EventDate "2003.06.21"]
[EventType "tourn"]
[EventRounds "9"]
[EventCountry "HUN"]
[EventCategory "4"]
[SourceTitle "EXT 2004"]
[Source "ChessBase"]
[SourceDate "2003.11.25"]
[SourceVersion "1"]
[SourceVersionDate "2003.11.25"]
[SourceQuality "1"]

1. d4 g6 2. e4 Bg7 3. c4 d6 4. Nc3 e5 5. Nf3 exd4 6. Nxd4 Ne7 7. Be3 0-0 8. Qd2 Nbc6 9. Be2 f5 10. exf5 Bxd4 11. Bxd4 Nxf5 12. Be3 Nxe3 13. Qxe3 Qf6 14. 0-0 Bf5 15. Bf3 Rae8 16. Qd2 Ne5 17. Bd5+ Kh8 18. f4 Nd3 19. Kh1 c6 20. Bf3 h5 21. Be2 Qd4 22. Bxd3 Qxd3 23. Rad1 Qxc4 24. Qxd6 Kg7 25. Kg1 Re6 26. Qd4+ Qxd4+ 27. Rxd4 Rfe8 28. Rd7+ R8e7 29. Rxe7+ Rxe7 30. Kf2 Rd7 31. Rd1 Rxd1 32. Nxd1 Kf6 33. Ke3 Ke6 34. Kd4 Kd6 35. b4 b6 36. g3 c5+ 37. bxc5+ bxc5+ 38. Kc3 Be6 39. a3 Kd5 40. Nf2 Bf5 41. h3 Bd7 42. g4 hxg4 43. hxg4 Be6 44. f5 gxf5 45. gxf5 Bxf5 46. Nd1 Kc6 47. Nb2 Be6 48. Nd3 Kb5 49. a4+ Kb6 50. a5+ Kb5 51. Nxc5 Kxc5 1/2-1/2

[Event "Balatonlelle IM"]
[Site "Balatonlelle"]
[Date "2003.06.21"]
[Round "1"]
[White "Grabics, Monika"]
[Black "Schaufelberger, Heinz"]
[Result "0-1"]
[WhiteElo "2340"]
[BlackElo "2272"]
[PlyCount "134"]
[EventDate "2003.06.21"]
[EventType "tourn"]
[EventRounds "9"]
[EventCountry "HUN"]
[EventCategory "4"]
[SourceTitle "EXT 2004"]
[Source "ChessBase"]
[SourceDate "2003.11.25"]
[SourceVersion "1"]
[SourceVersionDate "2003.11.25"]
[SourceQuality "1"]

1. e4 c5 2. Nf3 Nc6 3. d4 cxd4 4. Nxd4 Qb6 5. Nb3 Nf6 6. Nc3 e6 7. Bd3 d6 8. Be3 Qc7 9. f4 a6 10. Qf3 b5 11. g4 Nb4 12. g5 Nd7 13. 0-0 Bb7 14. f5 exf5 15. Qxf5 Ne5 16. Bd4 Qe7 17. Rad1 Bc8 18. Qf4 h6 19. Bxb5+ axb5 20. Nxb5 Ba6 21. Nxd6+ Qxd6 22. Bxe5 Qg6 23. Rf2 Qxg5+ 24. Qxg5 hxg5 25. a3 Nc6 26. Bc3 Rh4 27. Rf5 Rg4+ 28. Kf2 g6 29. Rf6 Rc8 30. Kf3 Rh4 31. Na5 Nxa5 32. Rxa6 Nc6 33. Rd2 Rf4+ 34. Ke3 Bc5+ 35. Kd3 Rf3+ 36. Ke2 Re3+ 37. Kd1 Rxe4 38. Rd5 Ne7 39. Rd3 Bg1 40. Rh3 Rd8+ 41. Kc1 Rh4 42. Rxh4 gxh4 43. Ba5 Be3+ 44. Kb1 Rd1+ 45. Ka2 Rh1 46. Ra8+ Kd7 47. Rd8+ Ke6 48. Bc7 Nd5 49. Bb8 Bg1 50. Rd6+ Ke7 51. Rxd5 Bxh2 52. Bxh2 Rxh2 53. a4 Rxc2 54. a5 h3 55. a6 Rc6 56. Rd3 Rxa6+ 57. Kb1 g5 58. Rxh3 g4 59. Rg3 f5 60. Kc2 Kf6 61. b4 Kg5 62. b5 Rb6 63. Rb3 f4 64. Kd2 g3 65. Ke2 Kg4 66. Rb4 Re6+ 67. Kf1 Kf3 0-1

[Event "Mediterranean Flower (Women)"]
[Site "Rijeka"]
[Date "2003.03.15"]
[Round "9"]
[White "Pahor, Andrea"]
[Black "Grabics, Monika"]
[Result "1/2-1/2"]
[WhiteElo "2034"]
[BlackElo "2340"]
[PlyCount "46"]
[EventDate "2003.03.07"]
[EventType "tourn"]
[EventRounds "9"]
[EventCountry "CRO"]
[SourceTitle "CBM 093 Extra"]
[Source "ChessBase"]
[SourceDate "2003.05.09"]
[SourceVersion "1"]
[SourceVersionDate "2003.05.09"]
[SourceQuality "1"]

1. Nf3 c5 2. c4 Nc6 3. Nc3 g6 4. g3 Bg7 5. Bg2 e5 6. d3 Nge7 7. 0-0 0-0 8. Ne1 d6 9. Nc2 f5 10. Ne3 f4 11. Ned5 g5 12. Nxe7+ Qxe7 13. a3 Be6 14. Rb1 Qd7 15. b4 cxb4 16. axb4 Bh3 17. Bd5+ Kh8 18. Re1 Nd4 19. Bb2 Be6 20. Be4 Qf7 21. Bg2 Bg4 22. f3 Bd7 23. g4 h5 1/2-1/2

[Event "Mediterranean Flower (Women)"]
[Site "Rijeka"]
[Date "2003.03.14"]
[Round "8"]
[White "Grabics, Monika"]
[Black "Kaps, Darja"]
[Result "1/2-1/2"]
[WhiteElo "2340"]
[BlackElo "2246"]
[PlyCount "80"]
[EventDate "2003.03.07"]
[EventType "tourn"]
[EventRounds "9"]
[EventCountry "CRO"]
[SourceTitle "CBM 093 Extra"]
[Source "ChessBase"]
[SourceDate "2003.05.09"]
[SourceVersion "1"]
[SourceVersionDate "2003.05.09"]
[SourceQuality "1"]

1. e4 c6 2. d4 d5 3. exd5 cxd5 4. c4 Nf6 5. Nc3 g6 6. Qb3 Bg7 7. cxd5 0-0 8. Be2 Na6 9. Bf3 Nc7 10. Bf4 Rb8 11. Qc4 Nfe8 12. Nb5 Nxb5 13. Bxb8 Nxd4 14. Rd1 Bf5 15. Bf4 Qb6 16. g4 Bd7 17. Be3 Nxf3+ 18. Nxf3 Qf6 19. Nd2 Nd6 20. Qf4 Qxb2 21. 0-0 Qxa2 22. Nf3 a5 23. Bd4 a4 24. Bxg7 Kxg7 25. Qe5+ Kg8 26. Qxe7 Bxg4 27. Ne5 Nf5 28. Qc5 Bxd1 29. Nd7 Ra8 30. Nf6+ Kh8 31. Qc3 Qc2 32. Qe5 a3 33. Nh5+ Kg8 34. Nf6+ Kh8 35. Nd7+ Ng7 36. Qf6 a2 37. Ne5 a1Q 38. Nxf7+ Kg8 39. Nh6+ Kh8 40. Nf7+ Kg8 1/2-1/2